000 005140000a22001810004500
003 MACL
005 20160128171827.0
008 160128b xxu||||| |||| 00| 0 eng d
040 _aMACL
_cMACL
041 _aHindi
082 _a530.13/GOY
100 _aजे पी गोयल
_935123
245 _aसंख्‍यात्‍मक भौतिकी
260 _bराजहंस प्रेस
_c1997
_aमेरठ
350 _a140
650 _aPhysics
_935124
942 _cHIN
_k530.13/ GOY
_2ddc
999 _c30512
_d30512